| 000 | 00669cam a2200241 4500 | ||
|---|---|---|---|
| 001 | WB3601-39 | ||
| 008 | 000000n1999 000 0 eng u | ||
| 035 | _a(Sirsi) u103434 | ||
| 245 | _aScot free | ||
| 260 | _c1999 | ||
| 490 |
_aEstate Agency News _v(152) December 1999/January 2000, 14(1) |
||
| 520 | _aBriefly explains the differences between Scottish property law and that in the rest of the UK. | ||
| 590 | _aWB | ||
| 650 | _aPROPERTY LAW | ||
| 650 | _aLAW | ||
| 650 | _aSCOTLAND | ||
| 650 | _aSCOTTISH LAW | ||
| 650 | _aENGLISH LAW | ||
| 650 | _aFEUDAL SYSTEM | ||
| 650 | _aLEASEHOLD SYSTEM | ||
| 690 | _aPROPERTY LAW AND PRACTICE | ||
| 942 | _n0 | ||
| 999 |
_c62148 _d62148 |
||